MDQL
is popping MORE tags! Check the
thread
!
Quizzes
Events
Quiz Creation
Community
Videos
Private Events
Remove Ads
Sign In
Join for FREE
Feedback
Dark Mode
Quiz Categories
Sports
Geography
Music
Movies
Television
Just For Fun
Miscellaneous
History
Literature
Language
Science
Gaming
Entertainment
Religion
Holiday
For Kids
Quiz Lab
Recent
Popular Today
Quiz Kudos Today
Editor Picks
Curator Picks
Quizzes by...
Day
Popularity
Type
Ratings
Length
Year
Community
Subscriptions
Recent Discussions
Orange Saloon
Badges
Playlists
Quests
Create
Leaderboards
Showdown
Live 5
Trivia Bingo
Activity
Puzzle Library
Sporcle Events
Private Events
Virtual Trivia
Globe League
Become a Host
Pub Owners
SporcleCon
Opinionation
Our Games
Videos
Blog
Mobile Apps
Partnerships
Remove Ads and Go Orange
Feedback
Science
Computer
Plants
Astronomy
Chemistry
Elements
Math
Animal
Physics
Anatomy
Biology
Geology
General Science
Science
Computer
Plants
Astronomy
Chemistry
Elements
Math
Animal
Physics
Anatomy
Biology
Geology
General Science
Random Quiz
Search Sporcle
×
Quiz Lab
Quiz Lab
Science
brand
Type in answers that appear in a list
Type in answers that appear in a list
Classic
Best Score? Go Orange.
Drugs - Brand to Generic Stats
Can you name the drugs by their generic name?
By
jessami
15m
106 Questions
43 Plays
43 Plays
43 Plays
Comments
Comments
Give Quiz Kudos
Give Quiz Kudos
-
- Ratings
hide this ad
Forced Order
Answers have to be entered in order
Answers have to be entered in order
Replay
Link that replays current quiz
Next Quiz
Link to next quiz in quiz playlist
You Got
0%
They Got
Avg Score
37%
Avg Friend Score
Upgrade to see
Score Distribution
Jump to the score distribution portion of the page
Score
0/106
Timer
15:00
0
Plays Today
Brand Name
Generic Name
% Correct
Buspar
Buspirone
86%
Mobic
Meloxicam
83.7%
Cardizem or Cartia
Diltiazem
79.1%
Zovirax
Acyclovir
72.1%
Vasotec
Enalapril
67.4%
Zofran
Ondansetron
65.1%
Lopid
Gemfibrozil
62.8%
Arimidex
Anastrozole
60.5%
Astelin
Azelastine
60.5%
Glucotrol
Glipizide
60.5%
Amrix or Flexeril
Cyclobenzaprine
58.1%
Geodon
Ziprasidone
55.8%
Lotrel
Amlodipine and Benazepril
53.5%
Wellbutrin or Zyban
Bupropion
53.5%
Cozaar
Losartan
53.5%
Protonix
Pantoprazole
53.5%
Effexor
Venlafaxine
53.5%
Alphagan P
Brimonidine
51.2%
Concerta or Ritalin
Methylphenidate
51.2%
Tessalon
Benzonatate
48.8%
Ciprodex
Ciprofloxacin and Dexamethasone
46.5%
Biaxin
Clarithromycin
46.5%
Xalatan
Latanoprost
46.5%
Hyzaar
Losartan and HCTZ
46.5%
Reglan
Metoclopramide
46.5%
Monopril
Fosinopril
44.2%
Avapro
Irbesartan
44.2%
Asacol or Pentasa
Mesalamine
44.2%
Provigil
Modafinil
44.2%
Accupril
Quinapril
44.2%
Altace
Ramipril
44.2%
Cleocin
Clindamycin
41.9%
Vigamox
Moxifloxacin
41.9%
Pamelor
Nortriptyline
41.9%
Mirapex
Pramipexole
41.9%
Micardis
Telmisartan
41.9%
Brand Name
Generic Name
% Correct
Nasacort AQ
Triamcinolone
41.9%
Adderall
Amphetamine and Dextroamphetamine Salts
39.5%
Lotensin
Benazepril
39.5%
Decadron
Dexamethasone
39.5%
Amaryl
Glimepiride
39.5%
Imdur
Isosorbide Mononitrate
39.5%
Bactroban
Mupirocin
39.5%
Requip
Ropinirole
39.5%
Hytrin
Terazosin
39.5%
Rhinocort Aqua
Budesonide
37.2%
Lomotil
Diphenoxylate and Atropine
37.2%
Sinequan
Doxepin
37.2%
Avodart
Dutasteride
37.2%
Plendil
Felodipine
37.2%
Proscar
Finasteride
37.2%
Plaquenil
Hydroxychloroquine
37.2%
Avalide
Irbesartan and HCTZ
37.2%
Antivert
Meclizine
37.2%
Dolophine
Methadone
37.2%
Adipex P
Phentermine
37.2%
Vesicare
Solifenacin
37.2%
Restoril
Temazepam
37.2%
Bumex
Bumetanide
34.9%
Cardura
Doxazosin
34.9%
Micronase
Glyburide
34.9%
Glucovance
Glyburide and Metformin
34.9%
Ditropan
Oxybutynin
34.9%
Zanaflex
Tizanidine
34.9%
Tenoretic
Atenolol and Chlorthalidone
32.6%
Lumigan
Bimatoprost
32.6%
Ziac
Bisoprolol and HCTZ
32.6%
Peridex
Chlorhexidine
32.6%
Tussionex
Chlorpheniramine and Hydrocodone
32.6%
Bentyl
Dicyclomine
32.6%
Lodine
Etodolac
32.6%
Vyvanse
Lisdexamphetamine
32.6%
Brand Name
Generic Name
% Correct
Compazine
Prochlorperazine
32.6%
Provera
Medroxyprogesterone
30.2%
Robaxin
Methocarbamol
30.2%
Calan or Isoptin
Verapamil
30.2%
Cosopt
Dorzolamide and Timolol
27.9%
Vistaril
Hydroxyzine Pamoate
27.9%
Atarax
Hydroxyzine Hydrochloride
27.9%
Pyridium
Phenazopyridine
27.9%
Feldene
Piroxicam
27.9%
Apresoline
Hydralazine
25.6%
Levsin
Hyoscyamine
25.6%
Detrol
Tolteradine
25.6%
Kenalog
Triamcinolone
25.6%
Zonegran
Zonisamide
25.6%
Cogentin
Benztropine
23.3%
Focalin
Dexmethylphenidate
23.3%
Zymar
Gatifloxacin
20.9%
Mycolog II
Nystatin and Triamcinolone
20.9%
Nolvadex
Tamoxifen
20.9%
Sumycin
Tetracycline
20.9%
Demadex
Torsemide
20.9%
Differin
Adapalene
18.6%
Ceftin
Cefuroxime Axetil
18.6%
Lotrisone
Clotrimazole and Betamethasone
18.6%
Travatan
Travoprost
18.6%
Elocon
Mometasone
16.3%
Relafen
Nabumetone
16.3%
Patanol
Olpatadine
16.3%
Cialis
Taldalafil
16.3%
Levitra
Verdenafil
16.3%
Lidex
Fluocinonide
14%
Normodyne or Trandate
Labetalol
14%
Lioresal
Baclofen
11.6%
Temovate
Clobetasol
4.7%
Quiz Playlist
Details
Report
Send in Message
Add To Playlist
Classic:
Type in answers that appear in a list
Forced Order:
Answers have to be entered in order
Last Updated: Feb 16, 2017
Quiz Scoreboard
CHALLENGE
Sign Up to Join the Scoreboard
Show All
Scores
Hide
Comments
May contain spoilers
Recently Published
5x2 Blitz: Bands
by SL_Kpop136
Music
30s
Colored Red Africa Blitz
by spor1
Geography
30s
Find the 'City' Movie
by crazypaving
Movies
60s
More to Explore
Quiz From the Vault
Featured Blog Post
14 Easter Pick-up Lines to Find Eggs With
hide this ad
You Might Also Like...
Tags
brand
Brand Names
Drug
Generic
Generic Name
Today's Top Quizzes in Science
Browse Science
hide this ad
Today's Top Quizzes in brand
Browse brand
Top Contributed Quizzes in Science
1
Glycolysis
2
Square Numbers Scrambled (1-50)
3
Vet Tech Pharmacology Drug Contraindications
4
Missing Vowel Minefield: Lanthanides
5
'C' Flowers II
6
Sorting Squares: Animals by Continent
7
Multiplication table 1-10
8
Amino Acid Groups
9
Astronomy Spelling Bee
10
3-letter Elementary Words
Explore More
Trending Topics
NBA
Marvel
Kpop
Crossword
Harry Potter
Disney
Anime
WWE
Soccer
Puzzle
NFL
Pokémon
Country
The Office
Song
hide this ad
More By:
jessami
Quiz
Plays
Rating
Category
Featured
Created
Matching Drug Names
1,847
4.60
Science
Jan 30, 2010
Drugs - Brand to Generic
43
4.00
Science
Jul 13, 2011
Go to Creator's Profile
Score Distribution
Quiz Creator Spotlight
jessami
Follow
Send a Message
Quizzes Created
-
Created Quiz Play Count
-
More By This Creator
Popular Quizzes Today
1
Find the 'City' Movie
2
Colored Red Africa Blitz
3
Find the US States - No Outlines Minefield
4
5x2 Blitz: Bands
5
The Countries of the World
6
Find the US States
7
US States
8
9x9 Crossword: Cartoon Network
More Science Quizzes
Simple Chemistry Multiple Choice
Curator's Pick
Trending Quizzes
Colored Red Europe Blitz I
Colored Red Africa Blitz II
Colored Red Europe Blitz II
Colored Red Europe Blitz III
Colored Red Africa Blitz III
Recently Updated
Famous TV Couples
Peacemaker
Champions League XIs: Real Madrid
pecheneg
Largest US Cities 1790-2010
pecheneg
Rides in Walt Disney World
pecheneg
Most Oscar Losses (Acting)
pecheneg
Beyoncé Albums
pecheneg
Leaping Animals
pecheneg
Reality TV Shows (A-Z)
bhenderson79
Rickey Henderson's Hall of Fame Teammates
pecheneg
Champions League XIs: Arsenal
pecheneg
Trending Topics
Disney
Crossword
NBA
Harry Potter
Marvel
Anime
Kpop
Soccer
WWE
NFL
Song
Pokémon
The Office
Puzzle
Country
Your Account Isn't Verified!
In order to create a playlist on Sporcle, you need to verify the email address you used during registration. Go to your
Sporcle Settings
to finish the process.
Report this User
Report this user for behavior that violates our
Community Guidelines
.
Details:
Send Report
Go to the Sporcle.com Mobile Site →
Comments